| 000 | 00700nam a2200241 a 4500 | ||
|---|---|---|---|
| 999 |
_c3590 _d3590 |
||
| 001 | 3590 | ||
| 003 | BD-JhCC | ||
| 005 | 20171115123630.0 | ||
| 008 | 171115s2003 bg |||| |||| 000 0 ben d | ||
| 020 | _a9847761736 | ||
| 035 | _a(BD-JhCC)3590 | ||
| 040 |
_aBD-JhCC _dBD-JhCC |
||
| 041 | _aben | ||
| 082 |
_a920 _bSID 2003 |
||
| 100 | _aসিদ্দিকী, জহুরুল আলম | ||
| 245 |
_aছোটদের হেলেন কেলার / _cজহুরুল আলম সিদ্দিকী, |
||
| 260 |
_aঢাকা : _bঐতিহ্য, _c2003. |
||
| 300 |
_a87 p. : _c21 cm. |
||
| 650 | _aBiography | ||
| 650 | _aHelen Keler | ||
| 942 |
_2ddc _cBK |
||